[Event "Asuncion YM"]
[Site "Asuncion"]
[Date "2011.03.14"]
[Round "3"]
[White "Estigarribia, Marcos"]
[Black "Riva, Eric"]
[Result "0-1"]
[WhiteElo "1637"]
[BlackElo "1687"]
[PlyCount "93"]
[EventDate "2011.03.10"]
[EventType "swiss"]
[EventRounds "7"]
[EventCountry "PAR"]
[SourceTitle "CBM 141 Extra"]
[Source "ChessBase"]
[SourceDate "2011.05.03"]
[SourceVersion "1"]
[SourceVersionDate "2011.05.03"]
[SourceQuality "1"]

1. c4 Nf6 2. Nc3 d6 3. g3 g6 4. Bg2 Bg7 5. d3 0-0 6. e4 e5 7. Nge2 Nc6 8. 0-0 Be6 9. h3 Qd7 10. Kh2 Ne7 11. f4 c6 12. g4 exf4 13. Nxf4 Ne8 14. Qe2 Nc7 15. Be3 Qe8 16. Rad1 Bd7 17. d4 Rd8 18. Rd2 a6 19. Rfd1 b5 20. d5 c5 21. cxb5 axb5 22. Rf1 b4 23. Nd1 Bb5 24. Qe1 Bxf1 25. Bxf1 Nb5 26. a4 bxa3 27. bxa3 Nc3 28. Nf2 Ra8 29. Rd3 Nb5 30. Qc1 Nd4 31. Nd1 Qd7 32. Nb2 Rfb8 33. Nc4 Nf3+ 34. Kg3 Ne5 35. Nxe5 Bxe5 36. Kf3 Bb2 37. Qc2 Rxa3 38. Rxa3 Bxa3 39. Qc3 Bb2 40. Qa5 Qb7 41. Nd3 Ra8 42. Qe1 Bg7 43. Bf4 Qb6 44. Qg3 Nc8 45. g5 c4 46. Be3 Bd4 47. Qf2 0-1

[Event "Asuncion YM"]
[Site "Asuncion"]
[Date "2011.03.10"]
[Round "1"]
[White "Heinechen, John"]
[Black "Estigarribia, Marcos"]
[Result "1-0"]
[WhiteElo "1801"]
[BlackElo "1637"]
[PlyCount "59"]
[EventDate "2011.03.10"]
[EventType "swiss"]
[EventRounds "7"]
[EventCountry "PAR"]
[SourceTitle "CBM 141 Extra"]
[Source "ChessBase"]
[SourceDate "2011.05.03"]
[SourceVersion "1"]
[SourceVersionDate "2011.05.03"]
[SourceQuality "1"]

1. e4 d5 2. exd5 Qxd5 3. c4 Qa5 4. Nc3 c6 5. d4 Nf6 6. Bd3 Qc7 7. Nge2 Bg4 8. f3 Bh5 9. Bf4 Qd7 10. 0-0 e6 11. d5 exd5 12. Ng3 Bc5+ 13. Kh1 0-0 14. Bf5 Qd8 15. cxd5 Nxd5 16. Nxh5 g6 17. Bh6 Re8 18. Ne4 gxh5 19. Qe1 Bd6 20. Rd1 Na6 21. f4 Bf8 22. Qg3+ Kh8 23. Bg5 Be7 24. Qh4 Bxg5 25. Qxh5 h6 26. fxg5 Qc7 27. Qxh6+ Kg8 28. Bh7+ Kh8 29. Bg6+ Kg8 30. Qh7+ 1-0

[Event "Asuncion Prieto Memorial op"]
[Site "Asuncion"]
[Date "2011.01.11"]
[Round "6"]
[White "Riva, Eric"]
[Black "Estigarribia, Marcos"]
[Result "1-0"]
[WhiteElo "1690"]
[BlackElo "1669"]
[PlyCount "75"]
[EventDate "2011.01.06"]
[EventType "swiss"]
[EventRounds "9"]
[EventCountry "PAR"]
[SourceTitle "EXT 2012"]
[Source "ChessBase"]
[SourceDate "2011.11.24"]
[SourceVersion "1"]
[SourceVersionDate "2011.11.24"]
[SourceQuality "1"]

1. Nf3 g6 2. g3 Bg7 3. Bg2 e5 4. d3 d6 5. 0-0 c5 6. c4 Nc6 7. Nc3 f5 8. Rb1 Nf6 9. a3 a5 10. Bg5 0-0 11. Nd5 Be6 12. Nxf6+ Bxf6 13. Bxf6 Qxf6 14. e3 g5 15. Nd2 Bd7 16. f4 exf4 17. exf4 Qd4+ 18. Kh1 gxf4 19. Nf3 Qf6 20. gxf4 Rf7 21. Ng5 Rg7 22. Bd5+ Kf8 23. Qh5 h6 24. Qh4 Rxg5 25. fxg5 hxg5 26. Qh7 Ne7 27. Rbe1 Nxd5 28. Qxd7 Nf4 29. Rxf4 gxf4 30. Re6 Qxb2 31. Qxd6+ Kg8 32. Rg6+ Kh7 33. Rh6+ Kg8 34. Qe6+ Kf8 35. Qxf5+ Ke8 36. Re6+ Kd8 37. Qf8+ Kc7 38. Qd6+ 1-0

[Event "Asuncion Roggio Cup-C 3rd"]
[Site "Asuncion"]
[Date "2010.05.21"]
[Round "2"]
[White "Estigarribia, Marcos"]
[Black "Gomez Harika, Marcelo"]
[Result "0-1"]
[WhiteElo "1706"]
[BlackElo "1518"]
[PlyCount "87"]
[EventDate "2010.05.20"]
[EventType "swiss"]
[EventRounds "9"]
[EventCountry "PAR"]
[SourceTitle "CBM 136 Extra"]
[Source "ChessBase"]
[SourceDate "2010.07.02"]
[SourceVersion "2"]
[SourceVersionDate "2010.07.15"]
[SourceQuality "1"]

1. e4 c5 2. Nf3 Nc6 3. d4 cxd4 4. Nxd4 Nf6 5. Nc3 e6 6. Nb3 Bb4 7. Qe2 d5 8. Bd2 Bxc3 9. Bxc3 dxe4 10. Nd2 0-0 11. 0-0-0 Nd5 12. Nxe4 Nxc3 13. Nxc3 Qe7 14. g3 Bd7 15. Bg2 Rac8 16. Rd2 a6 17. Rhd1 Rc7 18. Bxc6 Bxc6 19. f4 Rfc8 20. a3 b5 21. Na2 a5 22. Kb1 b4 23. axb4 axb4 24. Nxb4 Qxb4 25. Rd8+ Be8 26. Qe5 Qe7 27. Rxc8 Rxc8 28. f5 Ba4 29. b3 Qb7 30. Qa5 Bd7 31. Qd2 Qc7 32. c4 Bc6 33. Qc3 Be4+ 34. Kb2 Bxf5 35. h4 Ra8 36. b4 Qa7 37. Qb3 Qf2+ 38. Kc3 Qe3+ 39. Kb2 Qe2+ 40. Kc3 Bc2 41. Qxc2 Ra3+ 42. Kb2 Ra2+ 43. Kxa2 Qxc2+ 44. Ka3 0-1